00723nam a2200241 a 4500001001300000003000900013005001700022008004100039020001000080082001800090100001600108245006300124260004700187300000900234500003500243505001000278650002900288700001600317902000800333942000700341952011800348999001500466nice12345678IN_TiNIC20260116011658.0050524s1975 mada grp 000 0 eng  ac10000a262.0954bPOT aPothen, K P aSocio-Economic Survey of the Christian Community in Malwa. aMadrasbChristian Literature Societyc1975 a244p aincludes index and biblioraphy2 aIndex aChristianity-India-Malwa1 aPothen, K P bSRS cBK 001040708StackRoom-aHMIbHMId2007-07-11g100.00l0o262.0954 POTp07834r2007-07-11v100.00w2005-05-24yBK c3354d3354